00506nam a2200169 a 450000500170000000800410001702000180005805000260007610000170010224500850011926000340020430000290023852100080026765000130027565000120028865000360030020140310183522.0111111s19uu xx 00 eng d a9780415564649 aRC 394.W6 b.G73 2010 aGrant, David aThat's the way I think :bdyslexia, dyspraxia and ADHD explained /cDavid Grant. aNew York :bRoutledge,c2010. a160 p. :bill. ;c22 cm. aEDU aDyslexia aApraxia aAttention-deficit hyperactivity